000 00781nam a2200181Ia 4500
008 100920s9999 xx 000 0 und d
082 _b102002
_a891.43 न 08
100 _aमाहेश्वरी अरुण.
245 _aपाब्लो नेरुदा एक कैदी की खुनी दुनिया.
260 _bराधाकृष्ण प्रकाशन,दिल्ली.
_c2008
300 _a146
_bसाधी
365 _b150
520 _aहिंदी.
630 _aपाब्लो नेरुदा एक कैदी की खुनी दुनिया.
650 _aहिंदी.
730 _aपाब्लो नेरुदा एक कैदी की खुनी दुनिया.
942 _cBOOK
999 _c742435
_d742432